FABRIC STUDIES (Record no. 9951)

MARC details
000 -LEADER
fixed length control field 00279nam a22001337a 4500
003 - CONTROL NUMBER IDENTIFIER
control field SGT
082 ## - DEWEY DECIMAL CLASSIFICATION NUMBER
Classification number 746.92
Item number SIN
100 ## - MAIN ENTRY--PERSONAL NAME
Personal name SINGH, K.V.PAL
245 ## - TITLE STATEMENT
Title FABRIC STUDIES
260 ## - PUBLICATION, DISTRIBUTION, ETC. (IMPRINT)
Place of publication, distribution, etc INDIA
Name of publisher, distributor, etc KALYANI PUB.
Year of Publication 2009
300 ## - PAGE DESCRIPTION
No. of Pages 209
650 ## - SUBJECT ADDED ENTRY--TOPICAL TERM
Topical term or geographic name as entry element FABRIC STUDIES
942 ## - ADDED ENTRY ELEMENTS (KOHA)
Source of classification or shelving scheme Dewey Decimal Classification
Koha item type Books
Holdings
Withdrawn status Lost status Source of classification or shelving scheme Damaged status Not for loan Home library Current library Shelving location Date acquired Vendor Name Cost, normal purchase price SGTU Bill Number Total Checkouts Full call number Accession No. (Barcode) Date last seen Bill Date Koha item type Date last borrowed
    Dewey Decimal Classification     SGT Science & Social Sciences Library SGT Science & Social Sciences Library Text Book 28/09/2016 ABC 200.00 SGTU 7131   746.92 SIN FF71 28/09/2016 08/08/2016 Books  
    Dewey Decimal Classification     SGT Science & Social Sciences Library SGT Science & Social Sciences Library Text Book 28/09/2016 ABC 200.00 SGTU 7131 1 746.92 SIN FF72 04/04/2018 08/08/2016 Books 29/03/2018
    Dewey Decimal Classification     SGT Science & Social Sciences Library SGT Science & Social Sciences Library Text Book 28/09/2016 ABC 200.00 SGTU 7131 1 746.92 SIN FF73 04/12/2019 08/08/2016 Books 19/11/2019
    Dewey Decimal Classification     SGT Science & Social Sciences Library SGT Science & Social Sciences Library Text Book 28/09/2016 ABC 200.00 SGTU 7131 3 746.92 SIN FF74 09/12/2019 08/08/2016 Books 19/11/2019